La Responsabilidad laboral del empresario siniestralidad laboral /

Detalles Bibliográficos
Otros Autores: Pumar Beltrǹ, Nr︢ia (coord.), Alfonso Mellado, Carlos L.
Formato: Libro
Lenguaje:español
Publicado: [Albacete] : Bomarzo, 2006
Materias:
Acceso en línea:Acceso restringido

MARC

LEADER 00000nam a2200000 a 4500
005 20110915120029.0
008 060327s2006 sp |||||| 000 ||spa|c
020 |a 848697786X 
035 |a 5738 
040 |d vLex 
043 |a e-sp---  |b e-sp--- 
080 |a 331.823 
090 |c 2468  |d 2468 
245 0 3 |a La Responsabilidad laboral del empresario   |h [Recurso electrn̤ico] :  |b siniestralidad laboral /  |c Nr︢ia Pumar Beltrǹ (coordinadora), Carlos Luis Alfonso Mellado ...[et al.] 
256 |a Servicio en ln̕ea. 
260 |a [Albacete] :  |b Bomarzo,  |c 2006 
300 |a 298 p. ;  |c 22 cm 
506 1 |a Contenido solo disponible en los productos indicados  |d vLex Global  |d vLex Global (Academic Edition, excluding Law Schools)  |d vLex Global (U.S. Academic Edition, Law Schools)  |d vLex Global (U.S. Academic Edition, excluding Law Schools)  |d vLex Global (Academic Edition, Law Schools) 
650 0 4 |a Responsabilidad patronal  |z Espaą 
650 0 4 |a Trabajo  |x Accidentes  |z Espaą 
650 0 4 |a Seguridad en el trabajo  |z Espaą 
700 1 |a Pumar Beltrǹ, Nr︢ia,  |e coord. 
700 1 |a Alfonso Mellado, Carlos L. 
740 0 |a vLex Libros (Servicio en ln̕ea) 
856 4 0 |u http://vlex.com/source/responsabilidad-laboral-empresario-siniestralidad-laboral-5738  |z Acceso restringido 
942 |c BOOK